00923nam a2200265 i 450000100060000000300090000600500170001500700030003200800410003502000180007608000210009408000110011510000370012624500420016325000330020526000340023830000300027249000210030250501130032365000310043683000290046785200220049699900170051895201220053569074ES-MaACL20240418063109.0t|040908s2004 sp ||||1| spa d a84-350-0931-9 a821.134.2-32"19" a398:581 aPerucho, Joan,d1920-200399141510aTrilogía mágica / cJuan Perucho. a1ª ed. en Edhasa literaria. aBarcelona : bEdhasa, c2004. a563 p. : bil. ; c24 cm.1 aEdhasa literaria8 aContiene: Botánica oculta o el falso Paracelso ; Historias secretas de balnearios ; Bestiario fantástico 4aPlantas-xFolklore.9161141 aEdhasa literaria92309744 aES-MaACLjL-28060 c69074d69074 00104070aATENEOMbATENEOMcDEPO2d2008-01-17eSCl0oL-28060p1072333r2023-02-23 00:00:00w2023-02-23yMONOGRAFIA